000
00332nam a22001457a 4500
008
240129b ||||| |||| 00| 0 eng d
020
_a
0691050244
041
_a
eng
080
_2
VOLUME 29
_a
101
082
_a
101CHA
100
_a
44
101
_a
FILOZOFI
245
_a
PHILOSOPHY PUBLIC AFFAIRS
_c
JOSEPH CHAN
942
_2
udc
_c
BK
999
_c
60564
_d
60564